Κατάλογος Βιβλιοθηκών Mediterranean College

THE DESIGN OF EVERYDAY THINGS (Record no. 8047)

MARC details
000 -LEADER
fixed length control field 00832cam a22002174a 4500
005 - ΗΜΕΡΟΜΗΝΙΑ ΚΑΙ ΩΡΑ ΤΕΛΕΥΤΑΙΑΣ ΕΝΗΜΕΡΩΣΗΣ
Πεδίο ελέγχου 20250605164325.0
008 - FIXED-LENGTH DATA ELEMENTS--GENERAL INFORMATION
Πεδίο ελέγχου σταθερού μήκους 250528s ||||||||||||||||||||||||d
035 ## - SYSTEM CONTROL NUMBER
System control number 23006
020 ## - ISBN
ISBN 9780465067107
040 ## - ΠΗΓΗ ΚΑΤΑΛΟΓΟΓΡΑΦΗΣΗΣ
Φορέας πρωτότυπης καταλογογράφησης MC Athens Campus Library
Γλώσσα καταλογογράφησης Ελληνικά, Μοντέρνα (1453-)
Modifying agency MC Athens Campus Library
Κανόνες περιγραφικής καταλογογράφησης AACR2
245 1# - ΤΙΤΛΟΣ ΚΑΙ ΔΗΛΩΣΗ ΥΠΕΥΘΥΝΟΤΗΤΑΣ
Τίτλος THE DESIGN OF EVERYDAY THINGS
250 ## - EDITION STATEMENT
Edition statement 1
260 ## - PUBLICATION, DISTRIBUTION, ETC.
Name of publisher, distributor, etc. Basic Books, Inc.,
Date of publication, distribution, etc. 1988
300 ## - PHYSICAL DESCRIPTION
Extent 257
505 0# - FORMATTED CONTENTS NOTE
Formatted contents note THE PSYCHOPATHOLOGY OF EVERYDAY THINGS THE PSYCHOLOGY OF EVERYDAY ACTIONS KNOWLEDGE IN THE HEAD AND IN THE WORLD KNOWING WHAT TO DO TO ERR IS HUMAN THE DESIGN CHALLENGE
520 ## - SUMMARY, ETC.
Summary, etc. THE PSYCHOPATHOLOGY OF EVERYDAY THINGS THE PSYCHOLOGY OF EVERYDAY ACTIONS KNOWLEDGE IN THE HEAD AND IN THE WORLD KNOWING WHAT TO DO TO ERR IS HUMAN THE DESIGN CHALLENGE
700 1# - ΠΡΟΣΘΕΤΗ ΑΝΑΓΡΑΦΗ--ΦΥΣΙΚΟ ΠΡΟΣΩΠΟ
Personal name Norman Donald A
9 (RLIN) 348
942 ## - ADDED ENTRY ELEMENTS (KOHA)
Koha item type Books
Holdings
Τύπος τεκμηρίου Βιβλιοθήκη Τρέχουσα τοποθεσία Barcode Αριθμός εισαγωγής Ημερομηνία απόκτησης Ταξιθετικό σύμβολο Αριθμός αντιτύπου Κατάσταση απόσυρσης Κατάσταση χαμένου Κατάσταση κατεστραμμένου Μη δανεισμός Σύνολο δανεισμών Ημερομηνία τελευταίας εμφάνισης Η τιμή ισχύει από
Books MC Thessaloniki Campus Library MC Thessaloniki Campus Library 9780000080462 1220 05/06/2025 620.82 NOR 1           05/06/2025 05/06/2025

MC Athens Campus Library
Πατησίων 94 & Κοδριγκτώνος 13, 104 34
Πελλήνης 8 & Πατησίων 107, 112 51
Τ: +30 210 8899600

MC Thessaloniki Campus Library
Ίωνος Δραγούμη 21, 54625 | Ίωνος Δραγούμη 15, 54625
Τ: +30 2310 287779 – Τ: +30 2314 440300